000 00766nam a2200241Ia 4500
003 IN-BaIIA
008 211028s9999 xx 000 0 eng d
020 _a1-4020-3488-1
040 _cIIA Library
080 _a523.4-854
_bOUT
245 0 _aOuter magnetospheric boundaries
_bcluster results
_cedited by G. Paschmann
260 _aDordrecht
_bSpringer
_c2005
300 _aviii, 430p.
490 _aSpace sciences series of ISSI; v. 20
650 _aMagnetopause
_930340
650 _aMagnetosphere
_93270
650 _aSolar wind
_95747
700 _aEscoubet, C. P., ed.
_930341
700 _aHaaland, S., ed.
_930342
700 _aPaschmann, G., ed.
_930343
700 _aSchwartz, S. J., ed.
_930344
942 _cBK
999 _c16374
_d16374